ბათუმის შოთა რუსთაველის სახელმწიფო უნივერსიტეტის ბიბლიოთეკა

ბათუმის შოთა რუსთაველის სახელმწიფო უნივერსიტეტის 80 წლის იუბილესადმი მიძღვნილი სტუდენტთა საერთაშორისო სამეცნიერო კონფერენციის ნაშრომთა კრებული = International Students Scientific Conference Papers Honoring to the 80th Anniversary of Batumi Shota Rustaveli State University / (ბიბ.ჩანაწერი № 51594)

000 -ლიდერი
ფიქსირებული სიგრძის საკონტროლო ველი 02142nam a2200265Ia 4500
001 - საკონტროლო ნომერი
საკონტროლო ველი 18585
003 - საკონტროლო ნომრის იდენტიფიკატორი
საკონტროლო ველი GE_BSU
005 - ბოლო ოპერაციის თარიღი და დრო
საკონტროლო ველი 20231206150523.0
008 - ფიქსირებული სიგრძის მონაცემთა ელემენტები - ზოგადი ინფორმაცია
ფიქსირებული სიგრძის საკონტროლო ველი 181216s2016||||ge |||||||||||||| ||geo||
020 ## - წიგნის საერთაშორისო სტანდარტული ნომერი
International Standard Book Number 9789941462337
040 ## - კატალოგიზაციის წყარო
Transcribing agency GE_BSU
041 ## - ენის კოდი
Language code of text/sound track or separate title geo
080 ## - უნივერსალური ათობითი კლასიფიკაციის ინდექსი
Universal Decimal Classification number 378.4(479.223)(063) ბ-17
245 ## - ცნობა სათაურის შესახებ
Title ბათუმის შოთა რუსთაველის სახელმწიფო უნივერსიტეტის 80 წლის იუბილესადმი მიძღვნილი სტუდენტთა საერთაშორისო სამეცნიერო კონფერენციის ნაშრომთა კრებული = International Students Scientific Conference Papers Honoring to the 80th Anniversary of Batumi Shota Rustaveli State University /
Statement of responsibility, etc ბათუმის შოთა რუსთაველის სახელმწ. უნ-ტი; სარედაქციო კოლეგია: ნათია წიკლაშვილი, მერაბ მეგრელიშვილი, გვანცა თურმანიძე [და სხვ.].
264 ## - წარმოების, გამოცემის, დისტრიბუციის და სხვა ცნობები
გამოცემის, წარმოების, დისტრიბუციის... ადგილი ბათუმი:
გამოცემის, წარმოების, დისტრიბუციის... სახელწოდება ბათუმის შოთა რუსთაველის სახელმწ. უნ-ტი,
გამოცემის, წარმოების, დისტრიბუციის... თარიღი 2016.
300 ## - ფიზიკური აღწერა
Extent 421 გვ;
Other physical details 28 სმ.
653 ## - INDEX TERM--UNCONTROLLED
Uncontrolled term ბათუმის შოთა რუსთაველის სახელმწიფო უნივერსიტეტის იუბილე
653 ## - INDEX TERM--UNCONTROLLED
Uncontrolled term სამეცნიერო კონფერენციის ნაშრომთა კრებული
700 ## - ADDED ENTRY--PERSONAL NAME
Personal name წიკლაშვილი, ნათია
Relator term რედაქტორი
9 (RLIN) 6079
700 ## - ADDED ENTRY--PERSONAL NAME
Personal name მეგრელიშვილი, მერაბ
Relator term რედაქტორი
9 (RLIN) 20600
700 ## - ADDED ENTRY--PERSONAL NAME
Personal name თურმანიძე, გვანცა
Relator term რედაქტორი
9 (RLIN) 20601
710 ## - ADDED ENTRY--CORPORATE NAME
Corporate name or jurisdiction name as entry element ბათუმის შოთა რუსთაველის სახელმწ. უნ-ტი
9 (RLIN) 20602
942 ## - ADDED ENTRY ELEMENTS (KOHA)
Koha item type წიგნი
Source of classification or shelving scheme
ეგზემპლარები
ჩამოწერის სტატუსი დაკარგული ეგზემპლარის სტატუსი კლასიფიკაციის წყარო ან თაროზე გაწყობის სქემა დაზიანების სტატუსი არ გაიცემა მუდმივი მდებარეობა (დაცვის ადგილი) ამჟამინდელი ადგილსამყოფელი თაროზე განთავსების ადგილი შეძენის თარიღი ღირებულება, შესყიდვის ნორმალური ფასი სრული შენახვის შიფრი შტრიხკოდი ბოლო ოპერაციის თარიღი ეგზემპლარის მიმდევრობითი ნომერი (კეტერი?) ფასის ძალაში შესვლის თარიღი ეგზემპლარის სახეობა საჯარო შენიშვნა
          ბათუმის შოთა რუსთაველის სახელმწიფო უნივერსიტეტის მთავარი ბიბლიოთეკა ბათუმის შოთა რუსთაველის სახელმწიფო უნივერსიტეტის მთავარი ბიბლიოთეკა წიგნსაცავი 2018-12-17 16.75 378.4(479.223)(063) ბ-17 48037 2018-12-17 48037 2018-12-17 წიგნი 16 ლ.75 თ.
          ბათუმის შოთა რუსთაველის სახელმწიფო უნივერსიტეტის მთავარი ბიბლიოთეკა ბათუმის შოთა რუსთაველის სახელმწიფო უნივერსიტეტის მთავარი ბიბლიოთეკა წიგნსაცავი 2018-12-17 16.75 378.4(479.223)(063) ბ-17 48038 2018-12-17 48038 2018-12-17 წიგნი 16 ლ. 75 თ.
          ბათუმის შოთა რუსთაველის სახელმწიფო უნივერსიტეტის მთავარი ბიბლიოთეკა ბათუმის შოთა რუსთაველის სახელმწიფო უნივერსიტეტის მთავარი ბიბლიოთეკა წიგნსაცავი 2018-12-17 16.75 378.4(479.223)(063) ბ-17 48039 2018-12-17 48039 2018-12-17 წიგნი 16 ლ. 75 თ.
          ბათუმის შოთა რუსთაველის სახელმწიფო უნივერსიტეტის მთავარი ბიბლიოთეკა ბათუმის შოთა რუსთაველის სახელმწიფო უნივერსიტეტის მთავარი ბიბლიოთეკა წიგნსაცავი 2018-12-17 16.75 378.4(479.223)(063) ბ-17 48040 2018-12-17 48040 2018-12-17 წიგნი 16 ლ.75 თ.
          ბათუმის შოთა რუსთაველის სახელმწიფო უნივერსიტეტის მთავარი ბიბლიოთეკა ბათუმის შოთა რუსთაველის სახელმწიფო უნივერსიტეტის მთავარი ბიბლიოთეკა წიგნსაცავი 2018-12-17 16.75 378.4(479.223)(063) ბ-17 48041 2018-12-17 48041 2018-12-17 წიგნი 16 ლ.75 თ.